<?xml version='1.0' encoding='UTF-8'?>
  <record xmlns="http://www.loc.gov/MARC21/slim">
    <leader>00000cam a22000007i 4500</leader>
    <controlfield tag="001">ocn151164770</controlfield>
    <controlfield tag="003">OCoLC</controlfield>
    <controlfield tag="005">20251231061105.4</controlfield>
    <controlfield tag="008">910424s1526    sz            000 0 ger d</controlfield>
    <datafield tag="040" ind1=" " ind2=" ">
      <subfield code="a">UXG</subfield>
      <subfield code="b">eng</subfield>
      <subfield code="e">dcrmr</subfield>
      <subfield code="e">rda</subfield>
      <subfield code="c">UXG</subfield>
      <subfield code="d">OCLCG</subfield>
      <subfield code="d">OCLCA</subfield>
      <subfield code="d">OCLCQ</subfield>
      <subfield code="d">OCLCO</subfield>
      <subfield code="d">OCLCQ</subfield>
      <subfield code="d">OCLCA</subfield>
      <subfield code="d">OCLCF</subfield>
      <subfield code="d">OCLCO</subfield>
      <subfield code="d">OCLCA</subfield>
      <subfield code="d">OCLCO</subfield>
      <subfield code="d">QGJ</subfield>
      <subfield code="d">OCLCL</subfield>
      <subfield code="d">QGJ</subfield>
      <subfield code="d">OCLCO</subfield>
      <subfield code="d">OCLCL</subfield>
      <subfield code="d">QGJ</subfield>
    </datafield>
    <datafield tag="035" ind1=" " ind2=" ">
      <subfield code="a">(OCoLC)151164770</subfield>
    </datafield>
    <datafield tag="041" ind1="1" ind2=" ">
      <subfield code="a">ger</subfield>
      <subfield code="h">lat</subfield>
    </datafield>
    <datafield tag="100" ind1="1" ind2=" ">
      <subfield code="a">Oecolampadius, Johann,</subfield>
      <subfield code="d">1482-1531,</subfield>
      <subfield code="e">author.</subfield>
      <subfield code="4">aut</subfield>
      <subfield code="1">https://id.oclc.org/worldcat/entity/E39PBJfMphbYxKh7WTxRmGrrMP</subfield>
    </datafield>
    <datafield tag="245" ind1="1" ind2="0">
      <subfield code="a">Billiche antwurt Ioan. Ecolampadij, auff D. Martin Luthers bericht, des Sacraments halb, sampt einem kurtzen begriff auff etlicher Prediger in Schwaben schrifft, die wort des Herren nachtmals antreffend.</subfield>
    </datafield>
    <datafield tag="264" ind1=" " ind2="1">
      <subfield code="a">Getruckt zü Basel :</subfield>
      <subfield code="b">bey Thoman Wolff,</subfield>
      <subfield code="c">M. D. XXVI. [1526]</subfield>
    </datafield>
    <datafield tag="300" ind1=" " ind2=" ">
      <subfield code="a">[44] leaves ;</subfield>
      <subfield code="c">20 cm (4to)</subfield>
    </datafield>
    <datafield tag="336" ind1=" " ind2=" ">
      <subfield code="a">text</subfield>
      <subfield code="b">txt</subfield>
      <subfield code="2">rdacontent</subfield>
    </datafield>
    <datafield tag="337" ind1=" " ind2=" ">
      <subfield code="a">unmediated</subfield>
      <subfield code="b">n</subfield>
      <subfield code="2">rdamedia</subfield>
    </datafield>
    <datafield tag="338" ind1=" " ind2=" ">
      <subfield code="a">volume</subfield>
      <subfield code="b">nc</subfield>
      <subfield code="2">rdacarrier</subfield>
    </datafield>
    <datafield tag="340" ind1=" " ind2=" ">
      <subfield code="m">4to</subfield>
      <subfield code="2">rdabf</subfield>
    </datafield>
    <datafield tag="500" ind1=" " ind2=" ">
      <subfield code="a">The 2nd work (leaves D3v-L3v) is a translation of: Ad Ecclesiastes Suevos antisyngramma, written by Oecolampadius in answer to "Syngramma" which is often attributed to Johannes Brenz.</subfield>
    </datafield>
    <datafield tag="500" ind1=" " ind2=" ">
      <subfield code="a">Place of publication and printer statement from colophon.</subfield>
    </datafield>
    <datafield tag="500" ind1=" " ind2=" ">
      <subfield code="a">Signatures: A-L⁴.</subfield>
    </datafield>
    <datafield tag="500" ind1=" " ind2=" ">
      <subfield code="a">With initials.</subfield>
    </datafield>
    <datafield tag="500" ind1=" " ind2=" ">
      <subfield code="a">Metal title page border with Virtues and Vices by Hans Holbein. Cf. Hollstein XIVA, Hans Holbein the younger, 46a.</subfield>
    </datafield>
    <datafield tag="500" ind1=" " ind2=" ">
      <subfield code="a">Printer's device with coat of arms of the city of Basel on leaf L4v.</subfield>
    </datafield>
    <datafield tag="510" ind1="4" ind2=" ">
      <subfield code="a">Verzeichnis der im deutschen Sprachbereich erschienenen Drucke des 16. Jahrhunderts (VD 16),</subfield>
      <subfield code="c">O 296</subfield>
      <subfield code="u">https://gateway-bayern.de/VD16+O+296</subfield>
    </datafield>
    <datafield tag="510" ind1="4" ind2=" ">
      <subfield code="3">Kurzer Begriff auf etlicher Prediger in Schwaben geschrift:</subfield>
      <subfield code="a">Verzeichnis der im deutschen Sprachbereich erschienenen Drucke des 16. Jahrhunderts (VD 16),</subfield>
      <subfield code="c">O 285</subfield>
      <subfield code="u">https://gateway-bayern.de/VD16+O+285</subfield>
    </datafield>
    <datafield tag="510" ind1="4" ind2=" ">
      <subfield code="a">Staehelin, E. Oekolampad-Bibliographie,</subfield>
      <subfield code="c">129</subfield>
    </datafield>
    <datafield tag="650" ind1=" " ind2="0">
      <subfield code="a">Lord's Supper</subfield>
      <subfield code="v">Catechisms</subfield>
      <subfield code="x">Doctrines.</subfield>
    </datafield>
    <datafield tag="600" ind1="1" ind2="0">
      <subfield code="a">Luther, Martin,</subfield>
      <subfield code="d">1483-1546.</subfield>
    </datafield>
    <datafield tag="600" ind1="1" ind2="0">
      <subfield code="a">Brenz, Johannes,</subfield>
      <subfield code="d">1499-1570.</subfield>
      <subfield code="t">Syngramma.</subfield>
    </datafield>
    <datafield tag="650" ind1=" " ind2="0">
      <subfield code="a">Lord's Supper.</subfield>
    </datafield>
    <datafield tag="650" ind1=" " ind2="6">
      <subfield code="a">Eucharistie.</subfield>
    </datafield>
    <datafield tag="650" ind1=" " ind2="6">
      <subfield code="a">Eucharistie</subfield>
      <subfield code="v">Catéchismes</subfield>
      <subfield code="x">Doctrines.</subfield>
    </datafield>
    <datafield tag="650" ind1=" " ind2="7">
      <subfield code="a">eucharists.</subfield>
      <subfield code="2">aat</subfield>
    </datafield>
    <datafield tag="600" ind1="1" ind2="7">
      <subfield code="a">Luther, Martin,</subfield>
      <subfield code="d">1483-1546</subfield>
      <subfield code="2">fast</subfield>
      <subfield code="1">https://id.oclc.org/worldcat/entity/E39PBJcC3jTktTmxwtTMgxrQbd</subfield>
    </datafield>
    <datafield tag="650" ind1=" " ind2="7">
      <subfield code="a">Lord's Supper</subfield>
      <subfield code="2">fast</subfield>
    </datafield>
    <datafield tag="700" ind1="1" ind2=" ">
      <subfield code="a">Holbein, Hans,</subfield>
      <subfield code="d">1497?-1543,</subfield>
      <subfield code="e">engraver.</subfield>
      <subfield code="4">eng</subfield>
      <subfield code="1">https://id.oclc.org/worldcat/entity/E39PBJqbj9fWwVRP3FdpRv7CQq</subfield>
    </datafield>
    <datafield tag="700" ind1="1" ind2="2">
      <subfield code="i">Container of (expression)</subfield>
      <subfield code="a">Oecolampadius, Johann,</subfield>
      <subfield code="d">1482-1531.</subfield>
      <subfield code="t">Ad Ecclesiastes Suevos antisyngramma.</subfield>
      <subfield code="l">German.</subfield>
      <subfield code="f">1526.</subfield>
    </datafield>
    <datafield tag="700" ind1="1" ind2=" ">
      <subfield code="a">Wolff, Thomas,</subfield>
      <subfield code="d">active 1519-1535,</subfield>
      <subfield code="e">printer.</subfield>
      <subfield code="4">prt</subfield>
      <subfield code="1">https://id.oclc.org/worldcat/entity/E39PBJgd6GBpR9Dm8MM6kqDQbd</subfield>
    </datafield>
    <datafield tag="752" ind1=" " ind2=" ">
      <subfield code="a">Switzerland</subfield>
      <subfield code="d">Basel,</subfield>
      <subfield code="e">publication place.</subfield>
      <subfield code="4">pup</subfield>
    </datafield>
    <datafield tag="758" ind1=" " ind2=" ">
      <subfield code="i">has work:</subfield>
      <subfield code="a">Billiche antwurt Ioan. Ecolampadij, auff D. Martin Luthers bericht, des Sacraments halb ; sampt einem kurtzen begriff auff etlicher Prediger in Schwaben schrifft, die wort des Herren nachtmals antreffend (Text)</subfield>
      <subfield code="1">https://id.oclc.org/worldcat/entity/E39PCGFbBFDkt8fhVX3tFrh7Md</subfield>
      <subfield code="4">https://id.oclc.org/worldcat/ontology/hasWork</subfield>
    </datafield>
  </record>